| 000 | 00520nam a2200157 a 4500 | ||
|---|---|---|---|
| 008 | 120416s1971 ||||||||||||||||| || u | ||
| 050 | _aQE 471 Hat | ||
| 100 | _aGreensmith, J. T | ||
| 245 | 1 | 0 | _aPetrology of the sedimentary rocks |
| 250 | _a5th ed. | ||
| 260 |
_aLondon _bThomas Murby _c1971 |
||
| 300 | _a502p. : ill | ||
| 350 | _a0.00 | ||
| 700 | _aHatch, F. H | ||
| 995 |
_D0.00 _FCBU-MAIN LIBRARY (Kitwe) _H1 _I3.95 _UAVAILABLE _ZAnnex Low-Usage Collection |
||
| 999 |
_c53462 _d53462 |
||